00530nam a22001577a 450000500170000001000160001702000260003303500140005903700090007308200110008210000200009324501450011326000540025827000390031230000210035120250403165119.0 a ENG-144488 a9788196945435c590.00 aEN-128020 bDBAD a373.13 aR. Lalitha Raja aSignificance of optimality theory in phonological acquisition and in assessment and intervention of Phonological disorders/cR. Lalitha Raja aShimlab Indian Institute of Advanced Studyc2025 aRashtrapati Nivas,bShimlae171005 a,275p.c22cm(Hb)